Normal view
MARC view
Entry Nombre personal
001 - NÚMERO DE CONTROL
- campo de control: 1149
003 - IDENTIFICADOR DE NÚMERO DE CONTROL
- campo de control: DLC
005 - FECHA Y HORA DE LA ÚLTIMA TRANSACCIÓN
- campo de control: 20260429082159.0
008 - ELEMENTOS DE DATO DE LONGITUD-FIJA
- campo de control de longitud fija: 820325n| acannaabn |a aaa
010 ## - NÚMERO DE CONTROL DE LA BIBLIOTECA DEL CONGRESO
- Número de control de LC: n 82020089
035 ## - NÚMERO DE CONTROL DEL SISTEMA
- Número de control de sistema: (OCoLC)oca00717308
040 ## - FUENTE DE CATALOGACIÓN
- Centro catalogador/agencia de origen: DLC
- Lengua de catalogación: eng
- Centro/agencia transcriptor: DLC
- Centro/agencia modificador: DLC
- Centro/agencia modificador: OCoLC
100 1# - ENCABEZAMIENTO-NOMBRE DE PERSONA
- Nombre de persona: Baines, John
400 1# - TRAZADO DE VÉASE--NOMBRE DE PERSONA
- Nombre de persona: Salas Sommer, Dario
400 1# - TRAZADO DE VÉASE--NOMBRE DE PERSONA
- Nombre de persona: Sommer, Dario Salas
670 ## - FUENTE DE DATOS ENCONTRADOS
- Cita de la fuente: His Los brujos hablan, 1966?
670 ## - FUENTE DE DATOS ENCONTRADOS
- Cita de la fuente: His The stellar man, 1985:
- Información encontrada: CIP t.p. (John Baines) data sheet (John Baines is the pseud. of Dario Salas Sommer)